书目信息 |
| 题名: |
七十二番花信风
|
|
| 作者: | 王辰 , 林雨飞 著 | |
| 分册: | ||
| 出版信息: | 北京 商务印书馆 2020.05 |
|
| 页数: | xi, 366页 | |
| 开本: | 21cm | |
| 丛书名: | 自然感悟 | |
| 单 册: | ||
| 中图分类: | S68 | |
| 科图分类: | ||
| 主题词: | 花卉--hua hui--观赏园艺 | |
| 电子资源: | ||
| ISBN: | 978-7-100-18399-4 | |
| 000 | 01136nam 2200277 450 | |
| 001 | 2044983792 | |
| 005 | 20201105122949.64 | |
| 010 | @a978-7-100-18399-4@dCNY65.00 | |
| 100 | @a20200716d2020 em y0chiy50 ea | |
| 101 | 0 | @achi |
| 102 | @aCN@b110000 | |
| 105 | @aa a 000yy | |
| 200 | 1 | @a七十二番花信风@Aqi shi er fan hua xin feng@f王辰, 林雨飞著 |
| 210 | @a北京@c商务印书馆@d2020.05 | |
| 215 | @axi, 366页@c彩图@d21cm | |
| 225 | 2 | @a自然感悟@Azi ran gan wu |
| 314 | @a王辰, 植物学硕士, 自然摄影师、科普作家。林雨飞, 自然风文创小店“野风集”创始人, “野风集”公众号运营人, 自然插画画手。 | |
| 320 | @a有书目 (第364-366页) | |
| 330 | @a本书是一本从现代植物学者的视角, 去审视、挖掘、考证中国古代不同季节观花赏花的小品文集。你会了解到不同花的名称由来, 它们在中国文化里代表的含义, 以及从科学视角如何描述和识别。同时, 作者对于花的情感, 也许会令你感同身受, 毕竟这些花, 都是开放在我们身边的经典种类。 | |
| 410 | 0 | @12001 @a自然感悟 |
| 606 | 0 | @a花卉@Ahua hui@x观赏园艺 |
| 690 | @aS68@v5 | |
| 701 | 0 | @a王辰@Awang chen@4著 |
| 701 | 0 | @a林雨飞@Alin yu fei@4著 |
| 801 | 0 | @aCN@b人天书店@c20201002 |
| 905 | @aZUCC@dS68@eW125 | |
| 七十二番花信风/王辰, 林雨飞著.-北京:商务印书馆,2020.05 |
| xi, 366页:彩图;21cm.-(自然感悟) |
| ISBN 978-7-100-18399-4:CNY65.00 |
| 本书是一本从现代植物学者的视角, 去审视、挖掘、考证中国古代不同季节观花赏花的小品文集。你会了解到不同花的名称由来, 它们在中国文化里代表的含义, 以及从科学视角如何描述和识别。同时, 作者对于花的情感, 也许会令你感同身受, 毕竟这些花, 都是开放在我们身边的经典种类。 |
| ● |
| 相关链接 |
|
|
|
正题名:七十二番花信风
索取号:S68/W125
 
预约/预借
| 序号 | 登录号 | 条形码 | 馆藏地/架位号 | 状态 | 备注 |
| 1 | 1478893 | 214788933 | 自科库401/401自科库 98排1列2层/ [索取号:S68/W125] | 在馆 | |
| 2 | 1478894 | 214788942 | 自科库401/401自科库 98排1列2层/ [索取号:S68/W125] | 在馆 |